01177 2200205 4500001002100000005001500021008004100036020001800077035001900095041000700114082001100121090001700132100002200149245010200171250001100273260002700284300003500311500060400346650002100950INLIS00000000000378720210322160656210322||||||||| | ||| |||| || |  a9789794931783 0010-0321003787 aid0 a633.18 a633.18 FIR s0 aFIRDAUS, Muhammad00aSwasembada beras dari masa ke masa : telaah efektifitas kebijakan dan perumusan strategi nasional aCet. 1 aBogorbIPB Pressc2008 aviii, 128 hal. : Ilus. ; 21 cm aBeras; Swasembada. Beras merupakan komoditas politik yang selalu menarik untuk didiskusikan. Sejak munculnya program BIMAS tahun 1960 at atas prakarsa IPB, hingga kabinet bersatu bekerja, swasembada beras menjadi target yang harus dicapai. Di bagian awal buku ini menelaah berbagai kebijakan yang pernah ditempuh dalam upaya pencapaian swasembada beras di Indonesia. PAda bagian tengan dipaparkan sintesis evaluasi para pakar tentang keberhasilan kebijakan perberasan nasional dan opini terhadap beberapa menteri pertanian. Buku ini ditutup dengan kebutuhan data untuks urvey industri beras nasiona. 0aSwasembada beras